00614nam a22001695i 4500001000700000003000900007005001700016008004100033040002700074080000800101100002000109245014200129260002800271300002100299650002500320852009900345160817ES-MaACL20230906212130.0941017s1900 sp |||| | spa d aCAT bspa cCAT dCCPB a6160 aNubiola, Pedro.10aDe la secreción gástrica y sus incógnitas b: tesis para el doctorado de medicina de Pedro Nubiola y Espinós ... : junio de 1900. a[S.l. : bs.n., cs.a.] a24 p. ; c22 cm. 4aGastroenterología. aES-MaACLjT-1047-F-6 z-- Enc. hol. conservando la cub. original z-- Enc. en un vol. facticio